| 000 | 00810nam a2200205Ia 4500 | ||
|---|---|---|---|
| 999 |
_c40170 _d40170 |
||
| 001 | 6776 | ||
| 003 | GE_BSU | ||
| 005 | 20191226163949.0 | ||
| 008 | 181216s1955||||ge |||||||||||||| ||geo|| | ||
| 040 | _cGE_BSU | ||
| 041 | _ageo | ||
| 080 | _a821.353.1-32 გ-45 | ||
| 100 |
_aგვეტაძე, რაჟდენ. _95973 |
||
| 245 |
_aთხზულებანი ორ ტომად : _bტომი I / _cრაჟდენ გვეტაძე ; რედ. ი. ხოშტარია. |
||
| 264 |
_aთბილისი : _bსახელგამი, _c1955. |
||
| 300 |
_a378 გვ. : _bფოტო-პორტრეტი ; _c20 სმ. |
||
| 653 | _aთხზულებანი | ||
| 700 |
_aხოშტარია, ი. _eრედაქტორი _94108 |
||
| 942 |
_cBK _2udc |
||